000 03258am aa22002895004500
003 PE-LiUPU
005 20250901155708.0
008 880701s1988 miu b 000 0 eng d
020 _a0943872448
040 _aPE-LiUPU
_beng
_cPE-LiUPU
_erda
082 0 4 _a228.06
_223
_bP327d
100 1 _aPaulien, Jon,
_eautor.
_94285
245 1 0 _aDecoding Revelation’s Trumpets :
_bliterary allusions and interpretation of Revelation 8:7–12 /
_cpor Jon Paulien.
264 1 _aBerrien Springs, Michigan :
_bAndrews University Press,
_c1988.
300 _a497 páginas ;
_c23 cm.
336 _atexto
_2rdacontent
337 _asin medio
_2rdamedia
338 _avolumen
_2rdacarrier
490 1 _aAndrews University Seminary Doctoral Dissertation Series ;
_vVolume XI
504 _aIncluye bibliografía.
505 _aIntroduction -- Chapter I. Survey of literature concerning major issues in the exegesis of Revelation’s trumpets -- The problem of sources -- The revelation of originality -- The Apocalypse and the Old Testament -- Septuagint and Jewish apocalyptic -- The Old Testament and the Christ-event -- John’s canonical intentions -- How John used the Old Testament -- First-century exegetical practices -- Midrash -- Typology -- Contextual interpretation -- Summary -- Chapter II. Method and the study of the Old Testament background to the book of Revelation -- The proposed method -- Structure of the proposed method -- The Old Testament source -- A method for determining allusions -- Echoes in the Apocalypse -- Internal and external evidence -- The proposed method in previous research -- Summary of criteria -- Classification of direct allusions -- The problem of allusions -- Attempting allusions: a method -- Summary and conclusion -- Appendix to Chapter I. The text tradition behind the Old Testament -- The Masoretic text -- The Samaritan Pentateuch -- The Greek versions -- The Targums -- The language of John’s Old Testament -- Specialized studies in the text tradition -- Background of the apocalypses -- Chapter III. Interpreting the trumpets -- Exegesis of the seven trumpets in context (Rev 8:2–6) -- Rev 8:7 -- Rev 8:8–9 -- Rev 8:10–11 -- Rev 8:12 -- The larger picture -- The trumpets in detail -- Structural setting of the seven trumpets -- Relation to the seven seals -- The trumpets in themselves -- General Old Testament background to the trumpets -- General New Testament background -- Importance of echoes -- Evaluation of representative echoes -- Chapter IV. Analysis of allusions to the Old Testament in Revelation 8:7–12 -- The first to fourth trumpets -- Summary of allusions -- Most likely interpretations -- Judgment and mercy -- Symbolism of the trumpets -- Final interpretation -- Chapter V. Parallels in Revelation -- Nature of the seven trumpets -- Old and New Testament background -- Parallels in contemporary literature and time -- Summary and interpretation -- Conclusion -- Bibliography.
630 1 4 _aBiblia.
_pApocalipsis
_xCrítica, interpretación, etc.
_91752
630 2 4 _aBiblia.
_pApocalipsis 8: 7–12
_xCrítica, interpretación, etc.
_91645
830 0 _aAndrews University Seminary doctoral dissertation series ;
_v11.
942 _2ddc
_cBK
980 _818226
_gJaime Vilcazán Jefe de Análisis Documental
999 _c27858
_d27858